01854nam a2200373Ia 4500001001200000003000800012006001900020007001500039008004100054010001700095020001800112020001500130040002100145035002100166050002500187082001600212245035700228246005400585246009700639260005800736300001300794500002300807504004100830533015200871650002301023650003601046650002801082655002901110710009401139710006801233710003601301710001701337856012601354ebr10176199CaPaEBRm u cr cn|||||||||080304s2007 dcu sb f000 0 eng d z 2008297386 z9780309105590 z0309105595 aCaPaEBRcCaPaEBR a(OCoLC)23634445314aQH442.2b.N38 2007eb04a174.2/822204aThe National Academies' guidelines for human embryonic stem cell researchh[electronic resource] /cHuman Embryonic Stem Cell Research Advisory Committee ; Board on Life Sciences, Division on Earth and Life Studies ; Board on Health Sciences Policy, Institute of Medicine ; National Research Council and Institute of Medicine of the National Academies.30aGuidelines for human embryonic stem cell research33a2007 amendments to the national academies' guidelines for human embryonic stem cell research aWashington, D.C. :bNational Academies Press,cc2007. ax, 36 p. a"2007 amendments." aIncludes bibliographical references. aElectronic reproduction.bPalo Alto, Calif. :cebrary,d2009.nAvailable via World Wide Web.nAccess may be limited to ebrary affiliated libraries. 0aCloningxResearch. 0aEmbryonic stem cellsxResearch. 0aHuman embryoxResearch. 7aElectronic books.2local2 aNational Research Council (U.S.).bHuman Embryonic Stem Cell Research Advisory Committee.2 aInstitute of Medicine (U.S.).bBoard on Health Sciences Policy.2 aNational Academies Press (U.S.)2 aebrary, Inc.40uhttp://site.ebrary.com/lib/rucke/Doc?id=10176199zAn electronic book accessible through the World Wide Web; click to view